000 00679nam a2200229Ia 4500
003 OSt
005 20220928104849.0
006 a|||||r|||| 00| 0
007 ta
008 220927b |||||||| |||| 00| 0 eng d
024 _a44370
037 _cAnnuals, Advances
040 _aSDCL
_cSDCL
_beng
041 _2eng
_aeng
082 _aO152,1J32,1:g(P:3), M5
100 _aParashar Makkhanlal
_9412562
245 0 _aRamcharitmanas evam padmavat main kriyapad-sanrachna.
260 _aAgra
_bMahalaxmi Prakashan
_c1985
300 _a312p.
_ccm.
942 _hO152,1J32,1:g(P:3), M5
_cREF
_2CC
999 _c728289
_d728289